Lady Barberina - Outra volta do Parafuso / (Record no. 345)

MARC details
000 -LÍDER
campo de controle de tamanho fixo 01679nam a2200361 4500
001 - NÚMERO DE CONTROLE
campo de controle 345
003 - IDENTIFICADOR DO NÚMERO DE CONTROLE
campo de controle OSt
005 - DATA E HORÁRIO DA ÚLTIMA TRANSAÇÃO
campo de controle 20250528074018.0
008 - CAMPO DE DADOS FIXOS--INFORMAÇÃO GERAL
campo de controle de tamanho fixo 250331b |||||||e |||| 00| 1 eng d
040 ## - FONTE DA CATALOGAÇÃO
Idioma da catalogação por
041 ## - CÓDIGO DE IDIOMA
Código do idioma do original e/ou traduções intermediárias do texto eng
Código do idioma do texto/trilha sonora ou título diferente por
082 ## - CDD - CLASSIFICAÇÃO DECIMAL DE DEWEY
Número de Classificação 813
Número do exemplar J27l
100 1# - ENTRADA PRINCIPAL--NOME PESSOAL
Nome pessoal James, Henry,
Datas associadas ao nome 1843-1916
9 (RLIN) 718
240 ## - TÍTULO UNIFORME
Título uniforme Lady Barberina - The turn of the Screw
245 ## - TÍTULO
Título Lady Barberina - Outra volta do Parafuso /
Indicação de responsabilidade, etc. James, Henry ; Tradução de Leônidas Gontijo de Carvalho e Brenno Silveira
260 ## - PUBLICAÇÃO, DISTRIBUIÇÃO, ETC.
Local de publicação, distribuição, etc. São Paulo
Nome do editor, distribuidor, etc. Abril
Data da publicação, distribuição, etc. 1972
300 ## - DESCRIÇÃO FÍSICA
Extensão 289 p.
490 1# - TÍTULO DA SÉRIE
Título da série Os imortais da Literatura Universal
Número do volume ou designação sequencial da série vol. 39
520 ## - NOTA DE RESUMO, ETC.
Resumo, etc. Lady Barberina - retrato de um grande amor norteado pelos valores sociais, revela as complexas esperiências de vida do autor e traça um paralelo entre a cultura dos Estados Unidos e a da Inglaterra no século XIX.<br/>
520 ## - NOTA DE RESUMO, ETC.
Resumo, etc. Outra volta do parafuso - novela de terror que narra estranhos episódios ocorridos em uma casa de campo inglesa, onde duas crianças vivem com sua governanta e uma empregada. Numa estrutura narrativa brilhante, Henry James deixa a critério do leitor decidir se está diante de uma verdadeira história de fantasmas ou do fruto da alucinação da governanta.
650 #0 - ASSUNTO--TERMO TÓPICO
Cabeçalho tópico ou nome geográfico Literatura Americana
9 (RLIN) 84
650 #0 - ASSUNTO--TERMO TÓPICO
Cabeçalho tópico ou nome geográfico Terror
9 (RLIN) 141
650 #0 - ASSUNTO--TERMO TÓPICO
Cabeçalho tópico ou nome geográfico Sobrenatural
9 (RLIN) 538
650 #0 - ASSUNTO--TERMO TÓPICO
Cabeçalho tópico ou nome geográfico Clássicos
9 (RLIN) 77
650 #0 - ASSUNTO--TERMO TÓPICO
Cabeçalho tópico ou nome geográfico Amor e Paixão
9 (RLIN) 25
650 #0 - ASSUNTO--TERMO TÓPICO
Cabeçalho tópico ou nome geográfico Psicológico
9 (RLIN) 85
655 #0 - TERMO DE ÍNDICE--GÊNERO E FORMA
Gênero/forma/ou termo foco Romance
655 #0 - TERMO DE ÍNDICE--GÊNERO E FORMA
Gênero/forma/ou termo foco Ficção
700 ## - ENTRADA ADICIONADA - NOME PESSOAL
Nome pessoal Leônidas Gontijo de Carvalho
Função do autor por extenso Tradução
9 (RLIN) 719
700 ## - ENTRADA ADICIONADA - NOME PESSOAL
Nome pessoal Brenno SIlveira
Datas associadas ao nome 1911-
Função do autor por extenso TRADUTOR
9 (RLIN) 647
830 ## - ENTRADA SECUNDÁRIA DE SÉRIE--TÍTULO UNIFORME
Título uniforme Os Imortais da Literatura Universal
9 (RLIN) 461
Número do volume ou designação sequencial da série vol. 39
942 ## - ELEMENTOS DE ENTRADA ADICIONADOS (KOHA)
Fonte de classificação ou esquema de arquivamento Classificação decimal de Dewey
Ocultar no OPAC Não
Tipo de material Koha Livros
Holdings
Situação do descarte Situação das perdas Fonte de classificação ou esquema de arquivamento Status danificado Não pode ser emprestado Coleção Biblioteca de origem Biblioteca atual Localização na estante Data de aquisição Fonte de aquisição Total de empréstimos Número de chamada completo Código de barras Data de último acesso Data do preço efetivo Tipo de material Koha
    Classificação decimal de Dewey     Ficção Biblioteca Professor Eduardo Afonso de Castro Biblioteca Professor Eduardo Afonso de Castro Literatura Estrangeira 31.03.2025 doação   813 / J27l 2025-17299 31.03.2025 31.03.2025 Livros

Powered by Koha